|
|
|
|
| LEADER |
00000nam0a2200000 4500 |
| 001 |
65904 |
| 005 |
20231101212230.0 |
| 010 |
|
|
|a 5854711079
|
| 035 |
|
|
|a (RuTPU)RU\TPU\book\69959
|
| 090 |
|
|
|a 65904
|
| 100 |
|
|
|a 20040705d2004 m y0rusy50 ca
|
| 101 |
0 |
|
|a rus
|
| 102 |
|
|
|a RU
|
| 105 |
|
|
|a aс z 000zy
|
| 200 |
1 |
|
|a Один год под сакурой. Незамысловатые записки путешественника
|f А. М. Калугин
|
| 210 |
|
|
|a Белово
|c Канцлер
|d 2004
|
| 316 |
|
|
|5 63413507: 04-2408
|a На форзаце дарственная надпись: "В дар Научно-технической библиотеке ТПУ от автора. А. Калугин"
|
| 606 |
1 |
|
|a Япония
|x Культура
|x История
|2 stltpush
|3 (RuTPU)RU\TPU\subj\69157
|9 84124
|
| 610 |
1 |
|
|a география
|
| 610 |
1 |
|
|a путешествия
|
| 610 |
1 |
|
|a этнография
|
| 610 |
1 |
|
|a японцы
|
| 610 |
1 |
|
|a дарственные надписи
|
| 610 |
1 |
|
|a дары автора
|
| 610 |
1 |
|
|a дары библиотеке
|
| 610 |
1 |
|
|a Коллекция ТПУ
|
| 686 |
|
|
|a Т3(5Япо)
|v LBC/SL-A
|2 rubbk
|
| 700 |
|
1 |
|a Калугин
|b А. М.
|g Андрей М.
|
| 801 |
|
1 |
|a RU
|b 63413507
|c 20040705
|g PSBO
|
| 801 |
|
2 |
|a RU
|b 63413507
|c 20210129
|g PSBO
|
| 942 |
|
|
|c BK
|